Slovenské výrobky žiadajú o viac priestoru

Podiel slovenských výrobkov podľa typov predajní - hypermarkety, supermarkety, malé predajne, diskontné predajne a veľkosklady. Podiel slovenských výrobkov v regáloch. Prísľuby sa nenapĺňajú.

Na minha lista:
Detalhes bibliográficos
Autor principal: Mišíková, Veronika
Formato: Capítulo de Livro
Idioma:eslovaco
Assuntos:
Tags: Adicionar Tag
Sem tags, seja o primeiro a adicionar uma tag!

MARC

LEADER 00000naa a2200000 4500
001 0176396
005 20231010141644.8
041 0 |a slo 
044 |a SK 
245 1 0 |a Slovenské výrobky žiadajú o viac priestoru  |c Veronika Mišíková 
520 |a Podiel slovenských výrobkov podľa typov predajní - hypermarkety, supermarkety, malé predajne, diskontné predajne a veľkosklady. Podiel slovenských výrobkov v regáloch. Prísľuby sa nenapĺňajú. 
610 2 0 |a predajne 
610 2 0 |a predaj 
610 2 0 |a výrobky domáce 
610 2 0 |a Slovensko 
100 1 |a Mišíková, Veronika